[Event "POL-chT Academic"]
[Site "Katowice"]
[Date "2018.02.04"]
[Round "7.22"]
[White "Grota, Mateusz"]
[Black "Suliborski, Jakub"]
[Result "1/2-1/2"]
[WhiteElo "1867"]
[BlackElo "2122"]
[PlyCount "166"]
[EventDate "2018.02.03"]
[EventType "team-swiss (rapid)"]
[EventRounds "9"]
[EventCountry "POL"]
[SourceTitle "CBM 182 Extra"]
[Source "ChessBase"]
[SourceDate "2018.02.23"]
[SourceVersion "1"]
[SourceVersionDate "2018.02.23"]
[SourceQuality "1"]
[WhiteTeam "Gdansk PG"]
[BlackTeam "Warszawa UW"]
[WhiteTeamCountry "POL"]
[BlackTeamCountry "POL"]

1. e4 c5 2. Nf3 d6 3. d4 cxd4 4. Nxd4 e5 5. Nf3 Be7 6. Nc3 Be6 7. Be3 h6 8. Be2 Nf6 9. h3 0-0 10. Qd2 a6 11. 0-0 b5 12. a3 Nbd7 13. Rfd1 Qc7 14. a4 b4 15. Nd5 Bxd5 16. exd5 Nb6 17. Bxb6 Qxb6 18. a5 Qc5 19. c4 bxc3 20. Qxc3 Qxc3 21. bxc3 Ne4 22. Rdc1 Rfc8 23. c4 Nc5 24. Rab1 Bd8 25. Ne1 Bxa5 26. Nd3 Ne4 27. Rb3 Bd8 28. Bg4 Rcb8 29. Ra3 Bb6 30. Rca1 Bd4 31. R1a2 Rb6 32. Bd7 Nc3 33. Rc2 Ne4 34. Rca2 Nc5 35. Nxc5 Bxc5 36. Ra4 Bb4 37. Bb5 Bc5 38. Rxa6 Rbxa6 39. Rxa6 Rb8 40. Ra2 g6 41. Kf1 Kg7 42. Ke2 f5 43. f3 Kf6 44. Kd3 h5 45. h4 Bg1 46. Ra6 Rd8 47. Ke2 Bc5 48. Kd3 g5 49. hxg5+ Kxg5 50. Ra1 h4 51. Ke2 Kf4 52. Rh1 Kg5 53. Ra1 Bd4 54. Ra6 Kf4 55. Rc6 Bc5 56. Rc7 Rg8 57. Kf1 h3 58. gxh3 Kxf3 59. Ke1 Ke3 60. Kd1 Kd3 61. Kc1 Bd4 62. c5+ Ke4 63. cxd6 Bb6 64. Rb7 Bd8 65. d7 Kxd5 66. Ba4 Rh8 67. Rb5+ Kd6 68. Rb3 Bg5+ 69. Kd1 e4 70. Ke2 Ra8 71. Rb4 Ke5 72. Rc4 Rh8 73. Rc8 Bd8 74. Bc2 f4 75. Rc4 f3+ 76. Ke3 Bg5+ 77. Kf2 Rh4 78. Bxe4 Rxe4 79. Rc5+ Kf4 80. Rxg5 Re2+ 81. Kf1 Rd2 82. Rg7 Kf5 83. Rg3 Ke5 1/2-1/2

[Event "POL-chT 2nd League"]
[Site "Jastrzebia Gora"]
[Date "2015.09.05"]
[Round "1.35"]
[White "Ziabek, Patryk"]
[Black "Grota, Mateusz"]
[Result "1-0"]
[WhiteElo "2038"]
[BlackElo "1890"]
[PlyCount "72"]
[EventDate "2015.09.05"]
[EventType "team-swiss"]
[EventRounds "9"]
[EventCountry "POL"]
[SourceTitle "EXT 2017"]
[Source "ChessBase"]
[SourceDate "2016.10.25"]
[SourceVersion "1"]
[SourceVersionDate "2016.10.25"]
[SourceQuality "1"]
[WhiteTeam "Ostrow Wielkopolski"]
[BlackTeam "Kolbudy UKS Zawisza"]
[WhiteTeamCountry "POL"]
[BlackTeamCountry "POL"]

1. e4 e5 2. Nf3 Nc6 3. Bb5 a6 4. Ba4 Nf6 5. 0-0 d6 6. Re1 b5 7. Bb3 Be7 8. c3 Na5 9. Bc2 c5 10. h3 0-0 11. d4 Qc7 12. d5 Bd7 13. Nbd2 Nb7 14. Nf1 Ne8 15. g4 Nd8 16. Ng3 g6 17. Kh2 Ng7 18. Rg1 f6 19. Be3 Nf7 20. Rg2 Kh8 21. Qd2 Qb7 22. Rag1 Qc8 23. Bh6 Rg8 24. Nh4 Ne8 25. Nhf5 gxf5 26. gxf5 Nxh6 27. Qxh6 Bf8 28. Qh4 Qd8 29. Bd1 Qe7 30. Bh5 Rg7 31. Bg6 Kg8 32. Nh5 hxg6 33. Rxg6 Ra7 34. Nxg7 Bxg7 35. Rh6 Qf8 36. Qh5 Qe7 1-0

[Event "POL-chT 2nd League"]
[Site "Szczyrk"]
[Date "2014.09.13"]
[Round "8.76"]
[White "Gora, Jan"]
[Black "Grota, Mateusz"]
[Result "0-1"]
[WhiteElo "2035"]
[BlackElo "1915"]
[PlyCount "52"]
[EventDate "2014.09.06"]
[EventType "team-swiss"]
[EventRounds "9"]
[EventCountry "POL"]
[SourceTitle "EXT 2015"]
[Source "ChessBase"]
[SourceDate "2014.11.20"]
[SourceVersion "1"]
[SourceVersionDate "2014.11.20"]
[SourceQuality "1"]
[WhiteTeam "Wieliczka MKS MOS"]
[BlackTeam "Kolbudy UKS Zawisza"]
[WhiteTeamCountry "POL"]
[BlackTeamCountry "POL"]

1. d4 Nf6 2. Nc3 g6 3. e4 d6 4. Be3 Bg7 5. f3 0-0 6. Qd2 e5 7. d5 Nbd7 8. g4 Nc5 9. 0-0-0 a6 10. Bh6 b5 11. b4 Nb7 12. h4 Bd7 13. h5 Qe7 14. Bg5 Rfc8 15. Kb2 c5 16. dxc6 Bxc6 17. Nd5 Bxd5 18. Bxf6 Bxf6 19. Qxd5 Qc7 20. Qb3 a5 21. hxg6 hxg6 22. g5 axb4 23. Bh3 Na5 24. Qd3 Nc4+ 25. Kb1 Rxa2 26. Qb3 Rca8 0-1

[Event "POL-chT3 Pomorskie"]
[Site "Poland"]
[Date "2013.01.13"]
[Round "2.19"]
[White "Grota, Mateusz"]
[Black "Piepiorka, Paulina"]
[Result "0-1"]
[WhiteElo "1831"]
[BlackElo "1811"]
[PlyCount "121"]
[EventDate "2013.01.13"]
[EventType "team-tourn"]
[EventRounds "9"]
[EventCountry "POL"]
[SourceTitle "EXT 2019"]
[Source "ChessBase"]
[SourceDate "2018.10.10"]
[SourceVersion "1"]
[SourceVersionDate "2018.10.10"]
[SourceQuality "1"]
[WhiteTeam "Kolbudy UKS Zawisza"]
[BlackTeam "Gdansk Gedania"]
[WhiteTeamCountry "POL"]
[BlackTeamCountry "POL"]

1. e4 c5 2. Nf3 d6 3. c3 Nf6 4. d3 g6 5. Be2 Bg7 6. h3 Nc6 7. Be3 b5 8. Nbd2 0-0 9. d4 c4 10. a4 bxa4 11. Bxc4 Rb8 12. Qc2 Bd7 13. 0-0 Na5 14. Bd3 Qb6 15. Rfb1 Nb3 16. Ra3 a5 17. Qd1 Qb7 18. Bc2 Qa8 19. Bf4 Nh5 20. Bh2 Bh6 21. Qe2 Nf4 22. Bxf4 Bxf4 23. Nxb3 axb3 24. Bxb3 Rb6 25. Bd5 Qa7 26. Rba1 a4 27. g3 Bh6 28. Kg2 Rfb8 29. b4 Qc7 30. Qc4 Qxc4 31. Bxc4 Rc8 32. Bd3 Be6 33. Bc2 Bd7 34. Bd1 Bb5 35. Bxa4 Bxa4 36. Rxa4 Rxc3 37. Ra8+ Kg7 38. R1a7 Rc2 39. g4 Be3 40. Ra2 Rxa2 41. Rxa2 Bc1 42. Ra7 e6 43. Kg3 h6 44. Ne1 Bb2 45. Nf3 Rxb4 46. Rd7 Bxd4 47. Rxd6 Ba7 48. Rd7 Bb8+ 49. Kg2 Rxe4 50. Nd4 Kf6 51. Nc6 Be5 52. Nd8 Bd4 53. Rxf7+ Kg5 54. Re7 e5 55. Nc6 Rf4 56. Nxd4 exd4 57. Rd7 h5 58. Kg3 h4+ 59. Kg2 Kf6 60. Rd6+ Ke5 61. Rxg6 0-1

[Event "POL-ch U16"]
[Site "Murzasichle"]
[Date "2011.03.08"]
[Round "5"]
[White "Grota, Mateusz"]
[Black "Jaskolka, Tomasz"]
[Result "0-1"]
[WhiteElo "1815"]
[BlackElo "1954"]
[PlyCount "71"]
[EventDate "2011.03.05"]
[EventType "swiss"]
[EventRounds "9"]
[EventCountry "POL"]
[SourceTitle "EXT 2012"]
[Source "ChessBase"]
[SourceDate "2011.11.24"]
[SourceVersion "1"]
[SourceVersionDate "2011.11.24"]
[SourceQuality "1"]

1. e4 c5 2. Nf3 Nc6 3. Bb5 g6 4. Bxc6 dxc6 5. h3 Bg7 6. Nc3 Be6 7. d3 Qc7 8. Be3 b6 9. Qd2 Rd8 10. 0-0 Nf6 11. Bf4 Qc8 12. Bh6 0-0 13. Bxg7 Kxg7 14. Ng5 h6 15. Nxe6+ Qxe6 16. Rae1 b5 17. Qe3 Qe5 18. Ne2 c4 19. b3 Qb2 20. dxc4 bxc4 21. Qc3 Qxc3 22. Nxc3 Rd2 23. Rc1 Rfd8 24. f3 Nh5 25. Rcd1 cxb3 26. cxb3 Ng3 27. Rxd2 Rxd2 28. Rf2 Rd3 29. Rc2 Rxc3 30. Rxc3 Ne2+ 31. Kf2 Nxc3 32. a4 Kf6 33. Ke3 Ke5 34. Kd3 Na2 35. Kc4 a5 36. Kc5 0-1

[Event "POL-ch U16"]
[Site "Murzasichle"]
[Date "2011.03.07"]
[Round "3"]
[White "Grota, Mateusz"]
[Black "Kanarkiewicz, Michal"]
[Result "0-1"]
[WhiteElo "1815"]
[BlackElo "1906"]
[PlyCount "106"]
[EventDate "2011.03.05"]
[EventType "swiss"]
[EventRounds "9"]
[EventCountry "POL"]
[SourceTitle "EXT 2012"]
[Source "ChessBase"]
[SourceDate "2011.11.24"]
[SourceVersion "1"]
[SourceVersionDate "2011.11.24"]
[SourceQuality "1"]

1. e4 c5 2. Nf3 d6 3. d4 cxd4 4. Nxd4 Nf6 5. Nc3 a6 6. Bg5 e6 7. f4 Qc7 8. Bxf6 gxf6 9. Qd2 Nc6 10. 0-0-0 Bd7 11. Be2 h5 12. Kb1 Nxd4 13. Qxd4 Be7 14. Rhf1 Rc8 15. f5 Qc5 16. Qd3 b5 17. Rd2 Qe5 18. Qf3 Bc6 19. Bd3 b4 20. Nd1 d5 21. Re2 d4 22. Nf2 a5 23. g4 exf5 24. gxh5 Kf8 25. Qh3 Bd6 26. h6 Rd8 27. h7 Qxh2 28. Qxf5 Qe5 29. Qh3 Qh2 30. Qf5 Be5 31. Rh1 Qg2 32. Qh5 Qg6 33. Qh4 Bd7 34. Qh6+ Qxh6 35. Rxh6 Kg7 36. Rh1 Rxh7 37. Rxh7+ Kxh7 38. Bc4 Be6 39. Bb3 Rg8 40. Re1 Bh2 41. Kc1 Rg1 42. Rxg1 Bxg1 43. Nd3 Bh2 44. Nc5 Bf4+ 45. Kd1 Bg4+ 46. Ke1 Kg6 47. Nb7 Bc7 48. Kd2 f5 49. exf5+ Bxf5 50. a3 bxa3 51. bxa3 Kf6 52. c3 Bf4+ 53. Kd1 d3 0-1

[Event "Gdansk op 12th "]
[Site "Gdansk"]
[Date "2010.07.20"]
[Round "5"]
[White "Pazurkiewicz, Janusz"]
[Black "Grota, Mateusz"]
[Result "0-1"]
[WhiteElo "2091"]
[BlackElo "1814"]
[PlyCount "63"]
[EventDate "2010.07.17"]
[EventType "swiss"]
[EventRounds "9"]
[EventCountry "POL"]
[SourceTitle "EXT 2011"]
[Source "ChessBase"]
[SourceDate "2010.11.26"]
[SourceVersion "1"]
[SourceVersionDate "2010.11.26"]
[SourceQuality "1"]

1. Nf3 Nf6 2. c4 g6 3. Nc3 d5 4. cxd5 Nxd5 5. g3 Bg7 6. Bg2 0-0 7. 0-0 e5 8. d3 c6 9. Qb3 Nb6 10. Qc2 h6 11. e4 Be6 12. h3 Na6 13. Rd1 Qd7 14. Kh2 Rfd8 15. Qe2 Qe7 16. Be3 Rd7 17. b3 Rad8 18. Rac1 Kh7 19. Ne1 Qb4 20. h4 Nc7 21. Bf3 f5 22. h5 f4 23. hxg6+ Kxg6 24. gxf4 exf4 25. Bd2 Qe7 26. Ng2 Be5 27. Bxf4 Bxf4+ 28. Nxf4+ Kh7 29. Ng2 Rg8 30. Rh1 Qg5 31. Rc2 Rdg7 32. Kg1 0-1

[Event "Kowalewo Pomorskie op-B 17th"]
[Site "Kowalewo Pomorskie"]
[Date "2010.07.05"]
[Round "2"]
[White "Grota, Mateusz"]
[Black "Karski, Lukasz"]
[Result "0-1"]
[WhiteElo "1814"]
[BlackElo "1999"]
[PlyCount "44"]
[EventDate "2010.07.04"]
[EventType "swiss"]
[EventRounds "9"]
[EventCountry "POL"]
[SourceTitle "EXT 2011"]
[Source "ChessBase"]
[SourceDate "2010.11.26"]
[SourceVersion "1"]
[SourceVersionDate "2010.11.26"]
[SourceQuality "1"]

1. e4 e6 2. d4 c5 3. Nf3 cxd4 4. Nxd4 Nf6 5. Bd3 d5 6. exd5 Nxd5 7. 0-0 Be7 8. c3 Bf6 9. Bd2 0-0 10. Re1 g6 11. Bh6 Re8 12. Nd2 e5 13. Bb5 Bd7 14. Bxd7 Qxd7 15. N4b3 Bg7 16. Bxg7 Kxg7 17. Nc4 f6 18. Qf3 Nf4 19. Rad1 Qc6 20. Nd6 Re7 21. Qg4 Kh8 22. Na5 Qc7 0-1

[Event "POL-ch U16"]
[Site "Karpacz"]
[Date "2010.03.13"]
[Round "10"]
[White "Latocha, Aleksander"]
[Black "Grota, Mateusz"]
[Result "1/2-1/2"]
[WhiteElo "1923"]
[BlackElo "1815"]
[PlyCount "75"]
[EventDate "2010.03.06"]
[EventType "swiss"]
[EventRounds "11"]
[EventCountry "POL"]
[SourceTitle "CBM 135 Extra"]
[Source "ChessBase"]
[SourceDate "2010.05.04"]
[SourceVersion "1"]
[SourceVersionDate "2010.05.04"]
[SourceQuality "1"]

1. e4 e5 2. Nf3 Nc6 3. Bc4 Nf6 4. Ng5 d5 5. exd5 Na5 6. Bb5+ c6 7. dxc6 bxc6 8. Qf3 Bb7 9. Ba4 Bd6 10. d3 0-0 11. 0-0 c5 12. Qe2 Bc7 13. Nc3 Nc6 14. Bxc6 Bxc6 15. Be3 Nd5 16. Nge4 f5 17. Bg5 Qe8 18. Nxd5 Bxd5 19. Nc3 Bc6 20. f3 Qh5 21. Be7 e4 22. g4 fxg4 23. fxg4 Rxf1+ 24. Rxf1 Qe5 25. Bh4 Qd4+ 26. Bf2 Qe5 27. Bg3 Qd4+ 28. Rf2 Bxg3 29. hxg3 Rb8 30. Nxe4 Rxb2 31. Qf3 h6 32. Qf8+ Kh7 33. Qf5+ g6 34. Ng5+ hxg5 35. Qf7+ Kh8 36. Qf8+ Kh7 37. Qf7+ Kh8 38. Qf8+ 1/2-1/2

[Event "POL-ch U16"]
[Site "Karpacz"]
[Date "2010.03.08"]
[Round "4"]
[White "Grzeskow, Adrian"]
[Black "Grota, Mateusz"]
[Result "1-0"]
[WhiteElo "1763"]
[BlackElo "1815"]
[PlyCount "145"]
[EventDate "2010.03.06"]
[EventType "swiss"]
[EventRounds "11"]
[EventCountry "POL"]
[SourceTitle "CBM 135 Extra"]
[Source "ChessBase"]
[SourceDate "2010.05.04"]
[SourceVersion "1"]
[SourceVersionDate "2010.05.04"]
[SourceQuality "1"]

1. e4 e5 2. Bc4 Nf6 3. Nc3 Bc5 4. d3 d6 5. f4 Bxg1 6. Rxg1 Ng4 7. g3 exf4 8. Bxf4 0-0 9. Qd2 Nc6 10. d4 Nf6 11. 0-0-0 Nxe4 12. Nxe4 d5 13. Bxc7 Qxc7 14. Bxd5 Rd8 15. Bxc6 Qxc6 16. Nc3 b5 17. Qg5 Ba6 18. a3 Rac8 19. Rge1 h6 20. Qf5 Rc7 21. Re5 Bc8 22. Qf4 Rb7 23. d5 Qb6 24. Rde1 b4 25. axb4 a5 26. b5 Rf8 27. Re8 Bd7 28. Rxf8+ Kxf8 29. Qc4 Rc7 30. Qd3 Kg8 31. d6 Rc8 32. Nd5 Qf2 33. Rf1 Rxc2+ 34. Qxc2 Qxf1+ 35. Qd1 Qxb5 36. Ne7+ Kh8 37. Kb1 Be6 38. Qf3 Qa6 39. d7 Bxd7 40. Qxf7 Qa8 41. Ng6+ Kh7 42. Nf8+ Kh8 43. Nxd7 Qe4+ 44. Kc1 Qe3+ 45. Kd1 Qd3+ 46. Ke1 Qb1+ 47. Kf2 Qxb2+ 48. Kg1 a4 49. Qe8+ Kh7 50. Qe4+ Kh8 51. Qa8+ Kh7 52. Qxa4 Qb1+ 53. Kg2 Qb7+ 54. Kh3 Qf3 55. Qb5 h5 56. Ne5 Qf5+ 57. Kg2 Qc2+ 58. Kg1 Qd1+ 59. Kf2 Qd4+ 60. Kf3 Qd1+ 61. Qe2 Qh1+ 62. Ke3 Qc1+ 63. Kf2 Qc5+ 64. Kg2 Qd5+ 65. Nf3 Qb7 66. h4 Qd5 67. Kh2 g6 68. Qe7+ Kg8 69. Qe8+ Kh7 70. Ng5+ Kg7 71. Qe7+ Kg8 72. Qe6+ Qxe6 73. Nxe6 1-0

[Event "Chelmza op-A"]
[Site "Chelmza"]
[Date "2009.06.23"]
[Round "5"]
[White "Sosnowski, Daniel Konrad"]
[Black "Grota, Mateusz"]
[Result "1-0"]
[WhiteElo "1972"]
[BlackElo "1786"]
[PlyCount "79"]
[EventDate "2009.06.20"]
[EventType "swiss"]
[EventRounds "9"]
[EventCountry "POL"]
[SourceTitle "EXT 2012"]
[Source "ChessBase"]
[SourceDate "2011.11.24"]
[SourceVersion "1"]
[SourceVersionDate "2011.11.24"]
[SourceQuality "1"]

1. d4 Nf6 2. c4 g6 3. Nc3 Bg7 4. e4 d6 5. Nf3 0-0 6. Be2 Nbd7 7. 0-0 c6 8. Bg5 h6 9. Bh4 Qc7 10. Nd2 e5 11. d5 cxd5 12. cxd5 Nc5 13. Rc1 g5 14. Bg3 Qb6 15. Nc4 Qd8 16. f3 Ne8 17. Bf2 b6 18. b4 Nb7 19. Ne3 f5 20. exf5 Bxf5 21. Nxf5 Rxf5 22. Bd3 Rf7 23. g4 Bf6 24. Ne4 Rc8 25. Qa4 Bh8 26. Kg2 Ng7 27. Rc6 Qf8 28. Be2 Rxc6 29. dxc6 Nd8 30. Bc4 Nge6 31. Be3 Kg7 32. Qb3 Nf4+ 33. Bxf4 Rxf4 34. c7 Nc6 35. Ba6 Nd4 36. Qd3 d5 37. c8Q dxe4 38. Qxf8+ Rxf8 39. fxe4 Ne6 40. Qd7+ 1-0

[Event "Warsaw AIG Life rapid 8th"]
[Site "Warsaw"]
[Date "2008.12.20"]
[Round "1"]
[White "Grota, Mateusz"]
[Black "Sergeev, Vladimir"]
[Result "0-1"]
[WhiteElo "1798"]
[BlackElo "2519"]
[PlyCount "38"]
[EventDate "2008.12.20"]
[EventType "swiss (rapid)"]
[EventRounds "13"]
[EventCountry "POL"]
[SourceTitle "CBM 127 Extra"]
[Source "ChessBase"]
[SourceDate "2009.01.08"]
[SourceVersion "2"]
[SourceVersionDate "2009.01.28"]
[SourceQuality "1"]

1. e4 Nf6 2. e5 Nd5 3. d4 d6 4. exd6 cxd6 5. Nf3 g6 6. Bd3 Bg7 7. c3 0-0 8. 0-0 Nc6 9. Na3 a6 10. Bd2 Bd7 11. Qc1 Bg4 12. Ne1 Rc8 13. Nac2 e5 14. h3 Bd7 15. dxe5 dxe5 16. Bh6 Be6 17. Bxg7 Kxg7 18. Ne3 Nf4 19. Bc2 Ne2+ 0-1